[Event "GBR-ch107 U12"]
[Site "Milton Keynes"]
[Date "2021.10.03"]
[Round "4.2"]
[White "Patel, Zain"]
[Black "Hobson, Kenneth"]
[Result "0-1"]
[WhiteElo "1353"]
[BlackElo "1358"]
[PlyCount "50"]
[EventDate "2021.10.02"]
[EventType "swiss"]
[EventRounds "5"]
[EventCountry "GBR"]
[SourceTitle "BritBase"]
[Source "John Saunders"]
[SourceDate "2021.06.05"]
[SourceVersion "1"]
[SourceVersionDate "2021.06.05"]
[SourceQuality "1"]

1. d4 Nf6 2. Nf3 e6 3. c4 d5 4. Nc3 Bb4 5. Qa4+ Nc6 6. e3 Bd7 7. Qc2 O-O 8. Bd2
h6 9. a3 Bxc3 10. Bxc3 Rc8 11. Bd3 Ne7 12. O-O c5 13. dxc5 dxc4 14. Bxf6 cxd3
15. Bxe7 dxc2 16. Bxd8 Rfxd8 17. b4 Ba4 18. Rac1 Rd3 19. Nd4 Rc3 20. Rfe1 Rd8
21. f4 f6 22. Re2 Rxa3 23. Nxe6 Rd1+ 24. Re1 Rxc1 25. Rxc1 Rd3 0-1

[Event "GBR-ch107 U12"]
[Site "Milton Keynes"]
[Date "2021.10.03"]
[Round "4.3"]
[White "Catabay, Mae C"]
[Black "Badacsonyi, Stanley"]
[Result "0-1"]
[WhiteElo "1215"]
[BlackElo "1263"]
[PlyCount "76"]
[EventDate "2021.10.02"]
[EventType "swiss"]
[EventRounds "5"]
[EventCountry "GBR"]
[SourceTitle "BritBase"]
[Source "John Saunders"]
[SourceDate "2021.06.05"]
[SourceVersion "1"]
[SourceVersionDate "2021.06.05"]
[SourceQuality "1"]

1. d4 Nf6 2. c4 g6 3. Nc3 Bg7 4. e4 d6 5. Nf3 O-O 6. Be3 Nbd7 7. Be2 e5 8. O-O
Ng4 9. h3 Nxe3 10. fxe3 c6 11. Rc1 f5 12. exf5 gxf5 13. Qe1 f4 14. exf4 exd4
15. Ne4 Rxf4 16. Bd3 Ne5 17. Nxe5 Rxf1+ 18. Qxf1 dxe5 19. c5 Be6 20. Nd6 Qg5
21. Bc4 Qg6 22. Nf5 Re8 23. Re1 Kh8 24. Nxg7 Bxc4 25. Qxc4 Kxg7 26. Qb4 Re7 27.
Qa5 Qc2 28. Qd8 Qxc5 29. Rf1 Re6 30. Rf3 d3+ 31. Kh2 e4 32. Rg3+ Rg6 33. Qd7+
Kh6 34. Qd8 Qd6 35. Qh4+ Kg7 36. a3 Qxg3+ 37. Qxg3 Rxg3 38. Kxg3 d2 0-1

[Event "GBR-ch107 U12"]
[Site "Milton Keynes"]
[Date "2021.10.03"]
[Round "4.4"]
[White "Pert, Max P"]
[Black "Shearsby, Jude"]
[Result "0-1"]
[WhiteElo "1485"]
[BlackElo "1762"]
[PlyCount "110"]
[EventDate "2021.10.02"]
[EventType "swiss"]
[EventRounds "5"]
[EventCountry "GBR"]
[SourceTitle "BritBase"]
[Source "John Saunders"]
[SourceDate "2021.06.05"]
[SourceVersion "1"]
[SourceVersionDate "2021.06.05"]
[SourceQuality "1"]

1. e4 c5 2. Nc3 Nc6 3. f4 g6 4. Nf3 Bg7 5. Bc4 e6 6. d3 Nge7 7. O-O O-O 8. Qe1
d5 9. Bb3 Nd4 10. Nxd4 cxd4 11. f5 dxc3 12. f6 dxe4 13. fxg7 Qd4+ 14. Be3 Qxg7
15. bxc3 Nf5 16. Bc5 exd3 17. Bxf8 Qxf8 18. cxd3 Qd6 19. Qf2 h5 20. Qf3 Bd7 21.
d4 Bc6 22. Qf4 Qa3 23. Rac1 a5 24. Qg5 Kh7 25. Qf6 Rf8 26. c4 Qb2 27. Rc2 Qxd4+
28. Qxd4 Nxd4 29. Rd2 e5 30. c5 f6 31. Rdf2 Kg7 32. Re1 a4 33. Bc4 Re8 34. Rd2
f5 35. Bd5 Bxd5 36. Rxd4 Bc6 37. Rd6 e4 38. g3 Re5 39. Rc1 Rd5 40. Kf2 g5 41.
Rc4 Rxd6 42. cxd6 Kf6 43. Ke3 Ke6 44. Rc5 Bd7 45. Rc7 b5 46. Ra7 Kxd6 47. Ra6+
Ke5 48. Rh6 f4+ 49. Ke2 Bg4+ 50. Kf2 e3+ 51. Kf1 f3 52. Ke1 f2+ 53. Kf1 Bh3+
54. Ke2 f1=Q+ 55. Kxe3 Qe1+ 0-1

[Event "GBR-ch107 U12"]
[Site "Milton Keynes"]
[Date "2021.10.03"]
[Round "4.5"]
[White "Dasgupta, Avyukt"]
[Black "Pal, Rohan"]
[Result "1/2-1/2"]
[WhiteElo "1491"]
[BlackElo "1759"]
[PlyCount "33"]
[EventDate "2021.10.02"]
[EventType "swiss"]
[EventRounds "5"]
[EventCountry "GBR"]
[SourceTitle "BritBase"]
[Source "John Saunders"]
[SourceDate "2021.06.05"]
[SourceVersion "1"]
[SourceVersionDate "2021.06.05"]
[SourceQuality "1"]

1. d4 Nf6 2. Bf4 b6 3. e3 Bb7 4. Nf3 g6 5. Nbd2 Bg7 6. Bd3 O-O 7. c3 d6 8. O-O
Nbd7 9. Qc2 Re8 10. e4 e5 11. Bg5 h6 12. Bxf6 Qxf6 13. d5 Nc5 14. Bb5 Re7 15.
b4 Nd7 16. Qa4 Rb8 17. Rfd1 1/2-1/2

[Event "GBR-ch107 U12"]
[Site "Milton Keynes"]
[Date "2021.10.03"]
[Round "4.7"]
[White "Zheng, Harry Z"]
[Black "Mokhber-Garcia, Sebastian"]
[Result "1-0"]
[WhiteElo "1685"]
[BlackElo "1128"]
[PlyCount "83"]
[EventDate "2021.10.02"]
[EventType "swiss"]
[EventRounds "5"]
[EventCountry "GBR"]
[SourceTitle "BritBase"]
[Source "John Saunders"]
[SourceDate "2021.06.05"]
[SourceVersion "1"]
[SourceVersionDate "2021.06.05"]
[SourceQuality "1"]

1. e4 e5 2. Nf3 Nc6 3. Bb5 d6 4. d4 exd4 5. Nxd4 Bd7 6. Bxc6 bxc6 7. O-O Nf6 8.
Nc3 Be7 9. h3 O-O 10. f4 c5 11. Nf3 Ne8 12. Nd5 Nf6 13. Re1 Bc6 14. c4 Bb7 15.
Qd3 a5 16. a4 Re8 17. Bd2 Nxd5 18. cxd5 Ba6 19. Qc2 f6 20. Bxa5 Qd7 21. Bc3 c6
22. a5 Qb7 23. Qd2 Rad8 24. Nh4 Bc4 25. Nf5 Bf8 26. Ne3 Rxe4 27. Nxc4 Rxc4 28.
a6 Qa8 29. b3 Rxc3 30. Qxc3 cxd5 31. a7 Rd7 32. Re8 Qxe8 33. a8=Q Qf7 34. Qd3
d4 35. Qde4 d5 36. Qee8 Qxe8 37. Qxe8 Re7 38. Qc6 Kh8 39. Ra8 Kg8 40. Qxd5+ Rf7
41. Rxf8+ Kxf8 42. Qd8# 1-0

[Event "GBR-ch107 U12"]
[Site "Milton Keynes"]
[Date "2021.10.03"]
[Round "5.1"]
[White "Hobson, Kenneth"]
[Black "Dupuis, Denis K"]
[Result "1-0"]
[WhiteElo "1358"]
[BlackElo "1599"]
[PlyCount "52"]
[EventDate "2021.10.02"]
[EventType "swiss"]
[EventRounds "5"]
[EventCountry "GBR"]
[SourceTitle "BritBase"]
[Source "John Saunders"]
[SourceDate "2021.06.05"]
[SourceVersion "1"]
[SourceVersionDate "2021.06.05"]
[SourceQuality "1"]

1. e4 e5 2. Nf3 Nc6 3. Bc4 Nf6 4. d3 Bc5 5. c3 d6 6. Nbd2 a6 7. Bb3 O-O 8. O-O
Be6 9. Re1 Qe7 10. h3 Ba7 11. Nf1 Rad8 12. Be3 Bxe3 13. Nxe3 g6 14. Bc2 Nh5 15.
d4 d5 16. exd5 Bxd5 17. Nxd5 Rxd5 18. Be4 Rd6 19. Bxc6 Rxc6 20. Rxe5 Qf6 21.
Re3 Nf4 22. Ne5 Rd6 23. Qf3 c6 24. Ng4 Qg5 25. h4 Qxh4 26. Qxf4 Re6 1-0

[Event "GBR-ch107 U12"]
[Site "Milton Keynes"]
[Date "2021.10.03"]
[Round "5.2"]
[White "Li, Ethan Bingxuan"]
[Black "Shearsby, Jude"]
[Result "1/2-1/2"]
[WhiteElo "1561"]
[BlackElo "1762"]
[PlyCount "58"]
[EventDate "2021.10.02"]
[EventType "swiss"]
[EventRounds "5"]
[EventCountry "GBR"]
[SourceTitle "BritBase"]
[Source "John Saunders"]
[SourceDate "2021.06.05"]
[SourceVersion "1"]
[SourceVersionDate "2021.06.05"]
[SourceQuality "1"]

1. e4 g6 2. d4 Bg7 3. f4 d6 4. Nf3 a6 5. c3 b5 6. Bd3 Bb7 7. O-O c5 8. e5 c4 9.
Bc2 e6 10. a4 Ne7 11. axb5 axb5 12. Rxa8 Bxa8 13. b3 d5 14. b4 O-O 15. g4 Kh8
16. Kh1 Nd7 17. Ng5 h6 18. Nh3 Qb6 19. Qe1 Bb7 20. Qh4 Qd8 21. Na3 Bc6 22. f5
gxf5 23. Bxh6 Ng6 24. Bxg7+ Kxg7 25. Qxd8 Rxd8 26. gxf5 exf5 27. Bxf5 Ra8 28.
Nc2 Ra2 29. Ng5 Nh4 1/2-1/2

[Event "GBR-ch107 U12"]
[Site "Milton Keynes"]
[Date "2021.10.03"]
[Round "5.3"]
[White "Badacsonyi, Stanley"]
[Black "Patel, Zain"]
[Result "0-1"]
[WhiteElo "1263"]
[BlackElo "1353"]
[PlyCount "94"]
[EventDate "2021.10.02"]
[EventType "swiss"]
[EventRounds "5"]
[EventCountry "GBR"]
[SourceTitle "BritBase"]
[Source "John Saunders"]
[SourceDate "2021.06.05"]
[SourceVersion "1"]
[SourceVersionDate "2021.06.05"]
[SourceQuality "1"]

1. d4 Nf6 2. Nc3 d5 3. Bf4 a6 4. e3 e6 5. Bd3 c5 6. dxc5 Bxc5 7. Nf3 Nc6 8. O-O
O-O 9. Re1 Bb4 10. Ne5 Nxe5 11. Bxe5 Nd7 12. Bg3 Nc5 13. a3 Bxc3 14. bxc3 Nxd3
15. cxd3 Bd7 16. d4 Rc8 17. Qd2 Qa5 18. Rec1 Rc4 19. Rab1 Bb5 20. Bd6 Rfc8 21.
Bc5 Qc7 22. a4 Rxa4 23. Ra1 Rc4 24. Qb2 Qc6 25. Rab1 h6 26. Qa3 b6 27. Bb4 a5
28. Bd6 Rxc3 29. Rxc3 Qxc3 30. Qxc3 Rxc3 31. h3 Rc6 32. Be7 Bd3 33. Rb2 a4 34.
Bb4 f6 35. Ra2 b5 36. Bc5 Kf7 37. Ra3 Bc4 38. f4 Bb3 39. Bb4 Rc4 40. Bd6 b4 41.
Ra1 a3 42. Bxb4 Rxb4 43. Rxa3 Bc4 44. Ra7+ Kg6 45. g4 f5 46. gxf5+ exf5 47.
Ra6+ Bxa6 0-1

[Event "GBR-ch107 U12"]
[Site "Milton Keynes"]
[Date "2021.10.03"]
[Round "5.4"]
[White "Pal, Rohan"]
[Black "Subramanian, Anusha"]
[Result "1-0"]
[WhiteElo "1759"]
[BlackElo "1623"]
[PlyCount "109"]
[EventDate "2021.10.02"]
[EventType "swiss"]
[EventRounds "5"]
[EventCountry "GBR"]
[SourceTitle "BritBase"]
[Source "John Saunders"]
[SourceDate "2021.06.05"]
[SourceVersion "1"]
[SourceVersionDate "2021.06.05"]
[SourceQuality "1"]

1. e4 c6 2. Nc3 d5 3. Nf3 dxe4 4. Nxe4 Bf5 5. Ng3 Bg4 6. h3 Bxf3 7. Qxf3 Nf6 8.
Bc4 e6 9. O-O Nbd7 10. Re1 Be7 11. d4 O-O 12. Qb3 Nd5 13. a4 Qa5 14. c3 Rab8
15. Bxd5 Qxd5 16. Qxd5 cxd5 17. Bf4 Rbc8 18. a5 Rc6 19. Nf5 Bf6 20. Nd6 e5 21.
dxe5 Bxe5 22. Rxe5 Rxd6 23. Re7 Rf6 24. Bg5 Rd6 25. Bf4 Rf6 26. Rxd7 Rxf4 27.
Rxb7 Ra8 28. Rd7 Rf5 29. Rd1 Kf8 30. R1xd5 Rxd5 31. Rxd5 Ke7 32. Rb5 h6 33. Kf1
Ke6 34. Ke2 g5 35. Rb7 h5 36. g3 f6 37. Rh7 Rb8 38. b4 Rc8 39. Kd3 Rd8+ 40. Kc2
Ke5 41. Rxa7 Rd6 42. b5 Rd5 43. b6 Rb5 44. b7 Kd6 45. a6 Kc7 46. Ra8 f5 47.
Rc8+ Kd7 48. b8=Q Rxb8 49. Rxb8 g4 50. hxg4 fxg4 51. a7 h4 52. a8=Q h3 53. Rb6
h2 54. Qa7+ Kd8 55. Rb8# 1-0

[Event "GBR-ch107 U12"]
[Site "Milton Keynes"]
[Date "2021.10.03"]
[Round "5.5"]
[White "Catabay, Mae C"]
[Black "Dasgupta, Avyukt"]
[Result "0-1"]
[WhiteElo "1215"]
[BlackElo "1491"]
[PlyCount "66"]
[EventDate "2021.10.02"]
[EventType "swiss"]
[EventRounds "5"]
[EventCountry "GBR"]
[SourceTitle "BritBase"]
[Source "John Saunders"]
[SourceDate "2021.06.05"]
[SourceVersion "1"]
[SourceVersionDate "2021.06.05"]
[SourceQuality "1"]

1. e4 e6 2. d4 d5 3. exd5 exd5 4. c4 Nf6 5. Nc3 c6 6. Nf3 Be7 7. Bd3 dxc4 8.
Bxc4 h6 9. O-O O-O 10. Bf4 Bf5 11. Re1 Bd6 12. Bg3 Bxg3 13. hxg3 Nbd7 14. Qd2
Nb6 15. Bd3 Bxd3 16. Qxd3 Nbd5 17. Ne4 Nxe4 18. Qxe4 Re8 19. Qh4 Qb6 20. Rab1
Rxe1+ 21. Nxe1 Re8 22. Nd3 Nc3 23. Rf1 Nxa2 24. Qg4 Nb4 25. Ne5 Nd5 26. Qh5 Re7
27. Rd1 Qxb2 28. Qf5 Qb6 29. g4 Qc7 30. g5 hxg5 31. Rd3 f6 32. Rh3 fxe5 33.
Qh7+ Kf7 0-1

[Event "GBR-ch107 U12"]
[Site "Milton Keynes"]
[Date "2021.10.03"]
[Round "5.6"]
[White "Pert, Max P"]
[Black "Zheng, Harry Z"]
[Result "1-0"]
[WhiteElo "1485"]
[BlackElo "1685"]
[PlyCount "139"]
[EventDate "2021.10.02"]
[EventType "swiss"]
[EventRounds "5"]
[EventCountry "GBR"]
[SourceTitle "BritBase"]
[Source "John Saunders"]
[SourceDate "2021.06.05"]
[SourceVersion "1"]
[SourceVersionDate "2021.06.05"]
[SourceQuality "1"]

1. d4 Nf6 2. c4 e6 3. Nf3 b6 4. a3 Bb7 5. Nc3 d5 6. cxd5 exd5 7. Bf4 Bd6 8. Bg3
c6 9. e3 O-O 10. Bd3 Re8 11. Qc2 Qe7 12. Bh4 h6 13. O-O Nbd7 14. Rfe1 c5 15.
Bb5 Red8 16. Qa4 Nf8 17. Bc6 Bxc6 18. Qxc6 Rac8 19. Qa4 Bb8 20. e4 cxd4 21.
Nxd5 Qd6 22. Nxf6+ gxf6 23. e5 fxe5 24. Bxd8 Rxd8 25. Rxe5 Ng6 26. Re8+ Rxe8
27. Qxe8+ Kg7 28. Qe4 d3 29. Rd1 Qf6 30. Qd4 Qxd4 31. Nxd4 Be5 32. Rxd3 Nf4 33.
Rf3 Bxd4 34. Rxf4 Bxb2 35. a4 Ba3 36. Kf1 Kg6 37. g3 f6 38. Ke2 Bc5 39. Kd3 Bd6
40. Rf3 f5 41. Kc4 Kg5 42. h3 Bc5 43. Kd5 Kf6 44. g4 Kg5 45. Rxf5+ Kg6 46. f4
Be3 47. Kc6 a5 48. h4 Kh7 49. h5 Kg7 50. Kd6 Bc5+ 51. Rxc5 bxc5 52. Kxc5 Kf6
53. Kd5 Kg7 54. Ke6 Kg8 55. Kf6 Kh7 56. Kf7 Kh8 57. Kg6 Kg8 58. Kxh6 Kh8 59. f5
Kg8 60. Kg6 Kh8 61. f6 Kg8 62. h6 Kh8 63. g5 Kg8 64. f7+ Kf8 65. h7 Ke7 66.
h8=Q Ke6 67. Qf6+ Kd7 68. f8=Q Kc7 69. Q8d8+ Kb7 70. Qfb6# 1-0

[Event "GBR-ch107 U12"]
[Site "Milton Keynes"]
[Date "2021.10.03"]
[Round "5.7"]
[White "Mokhber-Garcia, Sebastian"]
[Black "Mittal, Aditya"]
[Result "1/2-1/2"]
[WhiteElo "1128"]
[BlackElo "1540"]
[PlyCount "112"]
[EventDate "2021.10.02"]
[EventType "swiss"]
[EventRounds "5"]
[EventCountry "GBR"]
[SourceTitle "BritBase"]
[Source "John Saunders"]
[SourceDate "2021.06.05"]
[SourceVersion "1"]
[SourceVersionDate "2021.06.05"]
[SourceQuality "1"]

1. e4 e5 2. Nf3 Nc6 3. Bc4 Bc5 4. Nc3 Nf6 5. O-O O-O 6. d3 d6 7. h3 Be6 8. Bb3
Nd4 9. Be3 Nxb3 10. axb3 Bb6 11. Bg5 c6 12. Ne2 Qd7 13. Bxf6 gxf6 14. Ng3 Kh8
15. Kh2 Rg8 16. Nh4 Rg5 17. Nhf5 Bxf5 18. Nxf5 Rag8 19. g3 Rd8 20. Qe2 d5 21.
Rad1 Rg6 22. f3 Qe6 23. Rd2 Ba5 24. Rdd1 Bb6 25. b4 Bd4 26. c3 Bb6 27. Rd2 Qd7
28. Rfd1 Qe6 29. c4 Bd4 30. g4 Bb6 31. Kg2 Kg8 32. Ra1 Kf8 33. c5 Bc7 34. Rxa7
Rb8 35. d4 exd4 36. Rxd4 Qe5 37. Kf1 Rg5 38. Qd2 dxe4 39. f4 Qxf4+ 40. Qxf4
Bxf4 41. Rxe4 Bc1 42. b3 h5 43. Kf2 hxg4 44. hxg4 Bd2 45. Kf3 Kg8 46. Ra2 Bc3
47. Ne7+ Kf8 48. Nf5 Kg8 49. Ne7+ Kf8 50. Rh2 Be5 51. Rh8+ Kg7 52. Rh1 Rh8 53.
Rxh8 Kxh8 54. Re1 Bc3 55. Rh1+ Kg7 56. Nf5+ Kg8 1/2-1/2

[Event "GBR-ch107 U10"]
[Site "Milton Keynes"]
[Date "2021.10.02"]
[Round "1.1"]
[White "Grose, Kameron"]
[Black "Pitts, Daniel"]
[Result "0-1"]
[WhiteElo "1724"]
[BlackElo "1338"]
[PlyCount "150"]
[EventDate "2021.10.02"]
[EventType "swiss"]
[EventRounds "7"]
[EventCountry "GBR"]
[SourceTitle "BritBase"]
[Source "John Saunders"]
[SourceDate "2021.06.05"]
[SourceVersion "1"]
[SourceVersionDate "2021.06.05"]
[SourceQuality "1"]

1. e4 e6 2. d4 d5 3. exd5 exd5 4. Bd3 Nc6 5. c3 Nf6 6. Nf3 Bg4 7. Bg5 Be7 8.
Nbd2 Ne4 9. Bxe7 Qxe7 10. Be2 Bxf3 11. Nxf3 O-O 12. O-O Rfe8 13. Re1 Qf6 14.
Bb5 a6 15. Ba4 Rad8 16. Qd3 h6 17. Bxc6 Qxc6 18. Ne5 Qf6 19. Qf3 c5 20. Qxf6
gxf6 21. Nf3 c4 22. Rad1 a5 23. a4 Rb8 24. Nh4 b5 25. axb5 Rxb5 26. Re2 Kf8 27.
Nf5 Reb8 28. f3 Ng5 29. h4 Ne6 30. Nxh6 Rxb2 31. Rdd2 Rxd2 32. Rxd2 a4 33. Ra2
Ra8 34. Kf2 a3 35. Nf5 Nc7 36. Ne3 Ke7 37. h5 Ke6 38. h6 Nb5 39. Nc2 f5 40. h7
Kf6 41. h8=B+ Rxh8 42. Nxa3 Ra8 43. Nxb5 Rxa2+ 44. Kg3 Kg5 45. Nc7 f4+ 46. Kh3
Ra1 47. Kh2 Rc1 48. Nxd5 Kf5 49. g4+ fxg3+ 50. Kxg3 Ke6 51. Nf4+ Kd6 52. Ne2
Rd1 53. Nf4 Ke7 54. Kf2 Kf6 55. Ke2 Rc1 56. Kd2 Ra1 57. Ke3 Kf5 58. Ne2 Rd1 59.
Kf2 Rd3 60. Ng3+ Kf4 61. Ne2+ Kg5 62. Kg3 f5 63. Kf2 f4 64. Kg2 Kf5 65. Kf2 Re3
66. Ke1 Rxf3 67. Kd2 Rd3+ 68. Kc2 f3 69. Ng3+ Kf4 70. Nf1 f2 71. Kb2 Kf3 72.
Ka3 Kg2 73. d5 Kxf1 74. Kb4 Ke2 75. Kxc4 f1=Q 0-1

[Event "GBR-ch107 U10"]
[Site "Milton Keynes"]
[Date "2021.10.02"]
[Round "1.2"]
[White "Ashton, Alannah"]
[Black "Vaidyanathan, Adithya"]
[Result "1-0"]
[WhiteElo "1280"]
[BlackElo "1559"]
[PlyCount "67"]
[EventDate "2021.10.02"]
[EventType "swiss"]
[EventRounds "7"]
[EventCountry "GBR"]
[SourceTitle "BritBase"]
[Source "John Saunders"]
[SourceDate "2021.06.05"]
[SourceVersion "1"]
[SourceVersionDate "2021.06.05"]
[SourceQuality "1"]

1. e4 c5 2. d4 cxd4 3. c3 e5 4. Nf3 dxc3 5. Nxc3 d6 6. Bc4 Be7 7. Qb3 Be6 8.
Bxe6 fxe6 9. Qxe6 Nf6 10. Ng5 Qd7 11. Qf7+ Kd8 12. Qc4 b5 13. Nxb5 d5 14. exd5
a6 15. Ne6+ Ke8 16. Nbc7+ Kf7 17. d6 Qxd6 18. Ng5+ Kg6 19. Qf7+ Kf5 20. Nxa8
Rc8 21. O-O Rxc1 22. Raxc1 Kxg5 23. Qxg7+ Kf5 24. Rfd1 Qb4 25. a3 Qb7 26. Nc7
Nc6 27. Rxc6 Qxc6 28. Qxe7 Qc2 29. Qe6+ Kg5 30. h4+ Kg6 31. Qd6 Kf5 32. Re1 Ng4
33. Qe6+ Kf4 34. Nd5# 1-0

[Event "GBR-ch107 U10"]
[Site "Milton Keynes"]
[Date "2021.10.02"]
[Round "1.3"]
[White "Hanache, Kai"]
[Black "Gushchin, Arseniy"]
[Result "1-0"]
[WhiteElo "1547"]
[BlackElo "1278"]
[PlyCount "51"]
[EventDate "2021.10.02"]
[EventType "swiss"]
[EventRounds "7"]
[EventCountry "GBR"]
[SourceTitle "BritBase"]
[Source "John Saunders"]
[SourceDate "2021.06.05"]
[SourceVersion "1"]
[SourceVersionDate "2021.06.05"]
[SourceQuality "1"]

1. e4 e5 2. Nf3 Nc6 3. Bc4 Nf6 4. d3 Bc5 5. Bg5 h6 6. Be3 Bb6 7. Nc3 d6 8. h3
g5 9. Qd2 Nh5 10. d4 Nf4 11. Bxf4 exf4 12. O-O-O Bd7 13. h4 f6 14. hxg5 fxg5
15. g3 Bg4 16. Be2 Bxf3 17. Bxf3 Nxd4 18. Bh5+ Kf8 19. gxf4 Ne6 20. fxg5 Qxg5
21. f4 Qg3 22. Qd5 Qxf4+ 23. Kb1 Qe5 24. Rhf1+ Ke7 25. Rf7+ Kd8 26. Qxe5 1-0

[Event "GBR-ch107 U10"]
[Site "Milton Keynes"]
[Date "2021.10.02"]
[Round "1.4"]
[White "Rida, Ruqayyah"]
[Black "Yu, Rock"]
[Result "1-0"]
[WhiteElo "1261"]
[BlackElo "1428"]
[PlyCount "61"]
[EventDate "2021.10.02"]
[EventType "swiss"]
[EventRounds "7"]
[EventCountry "GBR"]
[SourceTitle "BritBase"]
[Source "John Saunders"]
[SourceDate "2021.06.05"]
[SourceVersion "1"]
[SourceVersionDate "2021.06.05"]
[SourceQuality "1"]

1. e4 Nf6 2. e5 Nd5 3. d4 d6 4. c4 Nb6 5. Nf3 dxe5 6. Nxe5 g6 7. Nc3 Bg7 8. f4
N8d7 9. Be2 c6 10. Be3 O-O 11. O-O Nxe5 12. fxe5 Be6 13. b3 Qd7 14. Qd2 Rad8
15. Rad1 Qc7 16. Qe1 Bc8 17. Ne4 Nd7 18. Qh4 f6 19. e6 Nb6 20. Bf4 g5 21. Bxc7
gxh4 22. Bxd8 Rxd8 23. Nc5 Na8 24. Bh5 b6 25. Bf7+ Kf8 26. Ne4 Nc7 27. d5 cxd5
28. cxd5 Rxd5 29. Rxd5 Nxd5 30. Rd1 Bb7 31. Nc3 1-0

[Event "GBR-ch107 U10"]
[Site "Milton Keynes"]
[Date "2021.10.02"]
[Round "1.5"]
[White "Steiners, Emils"]
[Black "Bryant, Harry"]
[Result "0-1"]
[WhiteElo "1427"]
[BlackElo "1225"]
[PlyCount "70"]
[EventDate "2021.10.02"]
[EventType "swiss"]
[EventRounds "7"]
[EventCountry "GBR"]
[SourceTitle "BritBase"]
[Source "John Saunders"]
[SourceDate "2021.06.05"]
[SourceVersion "1"]
[SourceVersionDate "2021.06.05"]
[SourceQuality "1"]

1. d4 Nf6 2. c4 g6 3. Nc3 Bg7 4. e4 d6 5. Nf3 O-O 6. h3 e5 7. d5 Nbd7 8. Bg5 h6
9. Be3 Ne8 10. g4 Nb6 11. Nd2 f5 12. gxf5 gxf5 13. exf5 Bxf5 14. Nde4 Qh4 15.
Qc2 Nf6 16. Nxf6+ Rxf6 17. Qe2 Raf8 18. O-O-O Bg6 19. Re1 Bh5 20. Qd3 Bg6 21.
Qd2 Nxc4 22. Bxc4 Qxc4 23. Rhg1 Kh7 24. Rd1 b5 25. b3 Qb4 26. Qb2 Rf3 27. a3
Qh4 28. Qe2 b4 29. axb4 Qxb4 30. Qb2 e4 31. Kd2 Rxf2+ 32. Bxf2 Rxf2+ 33. Kc1
Rxb2 34. Kxb2 Qxc3+ 35. Ka3 Qa5# 0-1

[Event "GBR-ch107 U10"]
[Site "Milton Keynes"]
[Date "2021.10.02"]
[Round "1.6"]
[White "Murawski, Jan"]
[Black "Ward, Cian"]
[Result "1-0"]
[WhiteElo "1108"]
[BlackElo "1375"]
[PlyCount "71"]
[EventDate "2021.10.02"]
[EventType "swiss"]
[EventRounds "7"]
[EventCountry "GBR"]
[SourceTitle "BritBase"]
[Source "John Saunders"]
[SourceDate "2021.06.05"]
[SourceVersion "1"]
[SourceVersionDate "2021.06.05"]
[SourceQuality "1"]

1. d4 d5 2. Nf3 Nf6 3. Bf4 c6 4. e3 Bf5 5. c4 Qb6 6. Qb3 Qxb3 7. axb3 Nbd7 8.
Nc3 e6 9. c5 Ne4 10. b4 Nxc3 11. bxc3 Nf6 12. Nd2 Kd7 13. b5 Ne4 14. Nxe4 Bxe4
15. f3 Bg6 16. h4 h5 17. Ra5 Be7 18. bxc6+ bxc6 19. Ba6 Bd8 20. Ra2 Bc7 21. Bb7
Rab8 22. Rxa7 Bxf4 23. exf4 Rhf8 24. O-O Kc7 25. Ba8+ Kd8 26. Bxc6 Rc8 27. Rd7+
Ke8 28. Bb5 Rh8 29. Ra1 Kf8 30. Raa7 Kg8 31. Ba6 Rf8 32. c6 Bf5 33. c7 e5 34.
Rd8 Kh7 35. Raa8 Bd7 36. Rxf8 1-0

[Event "GBR-ch107 U10"]
[Site "Milton Keynes"]
[Date "2021.10.02"]
[Round "1.7"]
[White "Zhu, Pengxiao"]
[Black "Shi, Shaoquan"]
[Result "1-0"]
[WhiteElo "1375"]
[BlackElo "1050"]
[PlyCount "143"]
[EventDate "2021.10.02"]
[EventType "swiss"]
[EventRounds "7"]
[EventCountry "GBR"]
[SourceTitle "BritBase"]
[Source "John Saunders"]
[SourceDate "2021.06.05"]
[SourceVersion "1"]
[SourceVersionDate "2021.06.05"]
[SourceQuality "1"]

1. d4 d5 2. c4 c6 3. cxd5 cxd5 4. Bf4 Nc6 5. Nf3 Nf6 6. Nc3 Bd7 7. e3 e6 8. Bd3
Nb4 9. O-O Nxd3 10. Qxd3 Be7 11. Rac1 O-O 12. Ne5 Rc8 13. Rfe1 Bc6 14. Nb5 Qb6
15. Nc3 Qxb2 16. Rb1 Qa3 17. Rb3 Qa5 18. Ra1 Ba4 19. Nxa4 Qxa4 20. Rxb7 Bb4 21.
Qb3 Qxb3 22. axb3 a5 23. h3 Rc3 24. Kh2 Rxb3 25. Nc6 Rc8 26. Ne7+ Bxe7 27. Rxb3
Bb4 28. f3 Nh5 29. Bg3 h6 30. Be1 Bxe1 31. Rxe1 a4 32. Rb4 Ra8 33. Ra1 g5 34.
g4 Ng7 35. Kg3 Kh7 36. Raxa4 Rxa4 37. Rxa4 Kg6 38. f4 f5 39. Ra6 h5 40. gxf5+
Nxf5+ 41. Kf3 g4+ 42. hxg4 hxg4+ 43. Kxg4 Nxe3+ 44. Kf3 Nf5 45. Rxe6+ Kf7 46.
Re5 Nxd4+ 47. Ke3 Nb3 48. Rxd5 Ke6 49. Re5+ Kf6 50. Ke4 Nd2+ 51. Kd5 Nf3 52.
Kd6 Kf7 53. Re6 Nd4 54. Re5 Nf3 55. Ra5 Nd2 56. Rb5 Ne4+ 57. Ke5 Nc3 58. Rb7+
Kf8 59. f5 Na4 60. f6 Nc5 61. Rc7 Nd3+ 62. Ke6 Nf4+ 63. Kf5 Nd5 64. Rd7 Ne3+
65. Ke6 Kg8 66. Rd8+ Kh7 67. f7 Ng4 68. f8=Q Nf6 69. Qh8+ Kg6 70. Qxf6+ Kh5 71.
Qg7 Kh4 72. Rh8# 1-0

[Event "GBR-ch107 U10"]
[Site "Milton Keynes"]
[Date "2021.10.02"]
[Round "1.8"]
[White "Wang, Luoke"]
[Black "Catabay, Rezin C"]
[Result "0-1"]
[WhiteElo "910"]
[BlackElo "1353"]
[PlyCount "76"]
[EventDate "2021.10.02"]
[EventType "swiss"]
[EventRounds "7"]
[EventCountry "GBR"]
[SourceTitle "BritBase"]
[Source "John Saunders"]
[SourceDate "2021.06.05"]
[SourceVersion "1"]
[SourceVersionDate "2021.06.05"]
[SourceQuality "1"]

1. d4 c6 2. c4 d5 3. Nf3 Nf6 4. e3 e6 5. Be2 Be7 6. O-O O-O 7. Qc2 b6 8. Nbd2
Bb7 9. cxd5 cxd5 10. b3 Nc6 11. Bd3 Nb4 12. Qb1 a5 13. a3 Nxd3 14. Qxd3 Ba6 15.
Qb1 Bxf1 16. Nxf1 Ne4 17. N1d2 Nxd2 18. Bxd2 Rc8 19. Qb2 Bf6 20. b4 axb4 21.
Bxb4 Be7 22. Bxe7 Qxe7 23. Qxb6 Qxa3 24. Qb1 Qc3 25. h3 Rb8 26. Qc1 Qxc1+ 27.
Rxc1 Rfc8 28. Rxc8+ Rxc8 29. Kh2 f6 30. Kg3 Kf7 31. Nd2 e5 32. Nf3 e4 33. Nd2
Rc2 34. Nb3 f5 35. Nc5 g5 36. f3 Re2 37. f4 Rxe3+ 38. Kf2 gxf4 0-1

[Event "GBR-ch107 U10"]
[Site "Milton Keynes"]
[Date "2021.10.02"]
[Round "1.9"]
[White "Marsden, Rupert"]
[Black "Kataria, Dhairya"]
[Result "1-0"]
[WhiteElo "1352"]
[BlackElo "869"]
[PlyCount "49"]
[EventDate "2021.10.02"]
[EventType "swiss"]
[EventRounds "7"]
[EventCountry "GBR"]
[SourceTitle "BritBase"]
[Source "John Saunders"]
[SourceDate "2021.06.05"]
[SourceVersion "1"]
[SourceVersionDate "2021.06.05"]
[SourceQuality "1"]

1. d4 d5 2. Bf4 Nc6 3. Nf3 Bf5 4. Nbd2 Nb4 5. e4 dxe4 6. Nh4 Bg6 7. Nxg6 hxg6
8. c3 Nd3+ 9. Bxd3 exd3 10. Nf3 Nf6 11. Qxd3 Nd5 12. Bg3 c6 13. O-O Qb6 14.
Rab1 O-O-O 15. Ne5 Rh5 16. Nxf7 Rd7 17. Ne5 Rd8 18. a3 g5 19. Qf5+ Kb8 20. Nd7+
Ka8 21. Nxb6+ axb6 22. c4 Nf6 23. Be5 g4 24. Qc2 e6 25. Qa4# 1-0